000 00594nam a22002177a 4500
005 20170124110216.0
010 _aA-297242
020 _c00.00
_a0600311708
035 _aA-297242
037 _bCen Lib/Ret
040 _aDPL
_bEN
082 _aN
_bCOO
100 _aCoolidge, Susan
_9100386
245 _aWhat katy did at school /
_cby Susan Coolidge
260 _aLondon
_bHamlyn Publishing
_c1986
270 _bLondon
_abridge house, london road
300 _a271p.
_c21cm(Hb)
650 _aChildren's literature
_9100387
650 _aFamilies
_97703
942 _2ddc
_cEN
_hN
_mCOO
999 _c133841
_d133841